| 000 | 01082nam a2200301 a 4500 | ||
|---|---|---|---|
| 001 | vtls001617238 | ||
| 003 | NLI | ||
| 005 | 20210628133956.0 | ||
| 008 | 121214s1905 ii 000 p hin | ||
| 039 | 9 |
_y201212141922 _zVLOAD |
|
| 040 |
_aNLI _bhineng _cDatasoft_Hindi _eAACR2 |
||
| 041 | 0 | _ahin | |
| 044 | _a ii | ||
| 084 | 0 | 4 | _a181 |
| 100 | 1 |
_6880-01 _aशर्म्मा, नाथुराम शंकर _9679386 |
|
| 245 | 1 | 0 |
_6880-02 _aशंकर सरोज / _cनाथुराम शंकर शर्म्मा |
| 260 |
_aअलीगढ़ : _bआर्य्यसमाज बरौठा, _c1905 |
||
| 300 |
_a86 p. ; _c18 cm. |
||
| 650 | 0 |
_aHindi Poetry _9688257 |
|
| 880 | 1 |
_6100-01(B _aŚarmmā, Nāthurāma Śaṁkara |
|
| 880 | 1 | 0 |
_6245-02(B _aSaṁkara saroja / _cNāthurāma Śaṁkara Śarmmā |
| 887 | _a Afroz 17.03.12(Abrar Ahmad) | ||
| 901 |
_aIMP1064 _b13.04.2012 |
||
| 902 | _a181 Pb 90.92 | ||
| 904 |
_cAfroz 17.03.12(Abrar Ahmad) _lO 4015 |
||
| 949 |
_AVIRTUAITEM _D10000 _X100 _6IMP000001064HIN |
||
| 942 |
_2ddc _cBKS |
||
| 999 |
_aVIRTUA40 _c1069585 _d1069585 |
||